KOHA-Header-6

The New Rich in Asia Mobile Phones (Record no. 8936)

000 -LEADER
fixed length control field 00273nam a2200109Ia 4500
100 ## - MAIN ENTRY--AUTHOR NAME
Personal name Richard Robinson
245 #4 - TITLE STATEMENT
Title The New Rich in Asia Mobile Phones
260 ## - PUBLICATION, DISTRIBUTION, ETC. (IMPRINT)
Place of publication New York
Name of publisher Addison
Year of publication 1999
300 ## - PHYSICAL DESCRIPTION
Number of Pages 1104
942 ## - ADDED ENTRY ELEMENTS (KOHA)
Koha item type Books
Holdings
Withdrawn status Lost status Collection code Permanent Location Current Location Shelving location Date acquired Full call number Accession Number Koha item type
    Banking MAJU MAJU Shelf No.A45 2019-09-14 658.401 4131 Banking

Powered by Koha